Normal view
MARC view
- JR., Peyton Z Peebles
Entry Personal Name
001 - CONTROL NUMBER
- control field: 114229
003 - CONTROL NUMBER IDENTIFIER
- control field: NUST
005 - DATE AND TIME OF LATEST TRANSACTION
- control field: 20230821141204.0
008 - FIXED-LENGTH DATA ELEMENTS
- fixed length control field: 230821|| aca||aabn | a|a d
040 ## - CATALOGING SOURCE
- Original cataloging agency: NUST
- Transcribing agency: NUST
100 ## - HEADING--PERSONAL NAME
- Personal name: JR., Peyton Z Peebles
670 ## - SOURCE DATA FOUND
- Source citation: Work cat.: (NUST): JR., Peyton Z Peebles, Radar Principle, 2004.
